| 000 | 00503nam a22002057a 4500 | ||
|---|---|---|---|
| 001 | 21589 | ||
| 005 | 20260319111408.0 | ||
| 008 | 260319b |||||||| |||| 00| 0 spa d | ||
| 041 | _aESP | ||
| 082 |
_a660.284 _bH55 |
||
| 100 | _aHimmelblau, David M. | ||
| 245 | _aPrincipios básicos y cálculos en ingeniería química | ||
| 260 |
_a : _b , _c2002 |
||
| 300 |
_axix, 728 páginas : _b ; _c23 cm. |
||
| 440 | _a ; | ||
| 650 | _aCMM | ||
| 654 | _aCCN | ||
| 700 | _a; | ||
| 942 |
_cLIB _dJUS _fJUS _2ddc |
||
| 999 |
_c21589 _d21589 |
||